Visualizzazione normale
Vista MARC
- Hampton Lionel
di Personal Name
Records bibliografici associati: 1
001 - CONTROL NUMBER
- control field: 30366
003 - CONTROL NUMBER IDENTIFIER
- control field: IT-RoPau
005 - DATE AND TIME OF LATEST TRANSACTION
- control field: 20140618100551.0
008 - FIXED-LENGTH DATA ELEMENTS
- fixed length control field: 140618|| aca||aabn | a|a d
040 ## - CATALOGING SOURCE
- Original cataloging agency: IT-RoPau
- Transcribing agency: IT-RoPau
100 ## - HEADING--PERSONAL NAME
- Personal name: Hampton Lionel
- Miscellaneous information: Codice autore musica SPICS: 10771
- Relator term: Autore musica
- Name of part/section of a work: Stompology
670 ## - SOURCE DATA FOUND
- Source citation: Work cat.: (IT-RoPau)98900: AA.VV 794, Cootie Williams